000 00519nam a2200181Ia 4500
005 20250508163411.0
008 008 250505s9999 xx 000 0 eng d
037 _aTextual
040 _aFEDL
_beng
_cFEDL
041 _aeng
_2eng
084 _a370.6, UNE
_qFEDL
245 0 _aPartnership with youth
260 _aParis, France
_bUnited Nation Educational Scientfic and Cultural Orgnization
_c1969
300 _a61p.
650 _aEducation
942 _cTEXL
_h370.6, UNE
999 _c1382850
_d1382850